000 00315nam a22001337a 4500
008 181009b xxu||||| |||| 00| 0 eng d
020 _a9780135137000
041 _aeng
080 _23rd
_a610.73
100 _a2
101 _aINF
245 _aParametric Care Principles & Practice
_cBledsoe,B.E
942 _2udc
_cBK
999 _c49110
_d49110